000 00744nam a2200205Ii 4500
003 JO-AjNU
008 230605s9999||||xx |||||||||||||| ||und||
017 _a2005/4/749
040 _aJO-AjNU
_bara
_erda
_cJO-AjNU
041 _aara
050 1 4 _aPJ6696.Z39 2005
100 3 _aتأليف الزيدي، إبتهال,
_eauthor
_924689
245 0 0 _aعلم الأصوات في كتب معاني القرآن
264 3 1 _aعمان: دار أسامة، 2005
300 _a216ص
336 _atext
_btxt
_2rdacontent
337 _aunmediated
_bn
_2rdamedia
338 _avolume
_bnc
_2rdacarrier
650 4 _aاللغة العربية - القرآن الكريم - علم الأصوات - لسانيات - الكتابة - الكلمات
_924690
999 _aA9133
_c12701
_d12701